000 00573nam a22001817a 4500
005 20251127132304.0
008 251124b |||||||| |||| 00| 0 eng d
020 _a978-93-91208-87-5
041 _aeng
082 _a615.32 UDD-N
100 _aUDDIN, DR, REHAN & RAJAWAT, DR. J.S. AND NARUKA, DR. P.S
_98789
245 _aNOVAL DRUG DELIVERY SYSTEM: AS PER SYLLABUS OF PCI , FPR B PHARMA 4TH YEAR [ 7TH SEM]
250 _a1ST ED, 2023
260 _aNEW DELHI
_bINNOVATIVE PUBLICATIONS PVT LTD
_c2024
300 _a124;P
650 _aPHARMACY
_xB.PHARMA
942 _cBK
999 _c8966
_d8964